[Event "World Blitz Women 2023"]
[Site "Samarkand UZB"]
[Date "2023.12.30"]
[Round "11.8"]
[White "Ju, Wenjun"]
[Black "Danielian, Elina"]
[Result "0-1"]
[WhiteElo "2522"]
[BlackElo "2352"]
[EventDate "2023.12.29"]

1. Nf3 d5 2. g3 Bg4 3. Bg2 Nd7 4. O-O c6 5. d3 Ngf6 6. Nbd2 e5 7. e4 dxe4
8. dxe4 Bc5 9. h3 Bh5 10. Qe2 O-O 11. Nc4 Qc7 12. a4 a5 13. Bd2 Rfe8 14.
Qe1 b6 15. Nh4 Nf8 16. Nf5 Ne6 17. c3 Nd7 18. Kh2 f6 19. h4 Bf8 20. f3 Ndc5
21. Be3 Red8 22. Qe2 Bf7 23. Qc2 b5 24. axb5 cxb5 25. Na3 Rab8 26. Qe2 b4
27. Nb5 Qb6 28. c4 Qa6 29. Rfd1 a4 30. Bxc5 Bxc5 31. Ne3 Nd4 32. Nxd4 Bxd4
33. Nd5 Bxd5 34. exd5 Rxd5 35. f4 Rdd8 36. fxe5 Bxe5 37. Rxd8+ Rxd8 38. Rd1
Rxd1 39. Qxd1 Qd6 40. Bd5+ Kh8 41. Qxa4 g6 42. Qe8+ Kg7 43. Qf7+ Kh6 44.
Kh3 Bxg3 45. Be6 Be5 46. Bd5 Bxb2 47. Qe8 Be5 48. Qa4 Qc5 49. Qb3 Qf2 50.
Qf3 Qh2+ 51. Kg4 f5+ 0-1

[Event "World Blitz Women 2023"]
[Site "Samarkand UZB"]
[Date "2023.12.30"]
[Round "11.9"]
[White "Goryachkina, Aleksandra"]
[Black "Divya, Deshmukh"]
[Result "1-0"]
[WhiteElo "2475"]
[BlackElo "2315"]
[EventDate "2023.12.29"]

1. e4 c5 2. Nf3 Nc6 3. Bb5 e6 4. Bxc6 bxc6 5. d3 Qc7 6. Qe2 d6 7. e5 d5 8.
Nbd2 Ne7 9. Nf1 Nf5 10. Ng3 Nd4 11. Nxd4 cxd4 12. O-O g6 13. Bg5 Bg7 14. f4
h6 15. Bf6 Bxf6 16. exf6 h5 17. h4 Bd7 18. b4 O-O-O 19. Qf2 e5 20. fxe5
Qxe5 21. Rae1 Qd6 22. Ne2 Qxb4 23. Nxd4 Qd6 24. Nb3 d4 25. Nxd4 Bg4 26. Nb3
Rd7 27. Nc5 Rc7 28. Ne4 Qd5 29. Ng5 Rd8 30. Re7 Qxa2 31. Rfe1 Rdd7 32. Nxf7
Rxe7 33. fxe7 Bd7 34. Nd6+ 1-0

[Event "World Blitz Women 2023"]
[Site "Samarkand UZB"]
[Date "2023.12.30"]
[Round "11.10"]
[White "Shukhman, Anna"]
[Black "Muzychuk, Anna"]
[Result "0-1"]
[WhiteElo "2093"]
[BlackElo "2447"]
[EventDate "2023.12.29"]

1. e4 e5 2. Nf3 Nc6 3. d4 exd4 4. Nxd4 Nf6 5. Nxc6 bxc6 6. Nd2 Bc5 7. Nb3
Bb6 8. Bd3 d5 9. exd5 cxd5 10. O-O O-O 11. Bg5 h6 12. Bh4 g5 13. Bg3 Ne4
14. Bxe4 dxe4 15. Qh5 Qf6 16. c4 a5 17. c5 Ba7 18. Rac1 a4 19. Nd2 Bf5 20.
Rfe1 Qe6 21. Qe2 Rfe8 22. Qc4 c6 23. h4 Bb8 24. Qxe6 Rxe6 25. Bxb8 Rxb8 26.
Rc4 e3 27. Rxe3 Rxb2 28. Nf3 Rxe3 29. fxe3 Rxa2 30. hxg5 hxg5 31. Nxg5 a3
32. Ra4 Kg7 33. e4 Bg6 34. Ra7 Kf6 35. Nf3 Bxe4 36. Nd4 Rxg2+ 37. Kf1 a2
38. Nb3 Rb2 39. Nd4 0-1

[Event "World Blitz Women 2023"]
[Site "Samarkand UZB"]
[Date "2023.12.30"]
[Round "11.11"]
[White "Muzychuk, Mariya"]
[Black "Narva, Mai"]
[Result "1-0"]
[WhiteElo "2443"]
[BlackElo "2292"]
[EventDate "2023.12.29"]

1. e4 c5 2. c3 d5 3. exd5 Qxd5 4. Nf3 Nf6 5. d4 e6 6. Na3 Nc6 7. Be3 cxd4
8. Nb5 Qd7 9. Nbxd4 Be7 10. Nxc6 bxc6 11. Ne5 Qc7 12. Qf3 Bb7 13. Ng4 O-O
14. Nxf6+ Bxf6 15. Bc4 c5 16. Qg4 Bd5 17. O-O Qc6 18. Rfd1 Rab8 19. Rd2 g6
20. Rad1 h5 21. Bxd5 exd5 22. Qf3 Bg7 23. Rxd5 Rxb2 24. Bxc5 Re8 25. Rd8
Qe6 26. Qe3 Qxe3 27. fxe3 Rxd8 28. Rxd8+ Kh7 29. Bxa7 Rxa2 30. Bd4 Bxd4 31.
exd4 Rc2 32. Rc8 Kg7 33. h4 Kf6 34. Kh2 Ke6 35. Rc7 f6 36. Rc6+ Kf5 37. Kg3
Rd2 38. Rc5+ Ke6 39. Kf3 Kd6 40. g3 Ke6 41. Rc6+ Kf5 42. Rc5+ Ke6 43. Rc8
Kf5 44. Ke3 Rg2 45. Kf3 Rd2 46. Rc6 Rd3+ 47. Kf2 Rd2+ 48. Ke3 Rg2 49. Kf3
Rd2 50. Rc5+ Ke6 51. d5+ Ke5 52. c4 g5 53. hxg5 fxg5 54. d6+ Kxd6 55. Rxg5
Rd4 56. c5+ Ke6 57. Rxh5 Rc4 58. g4 Kf6 59. Kg3 Kg6 60. Rd5 Kf6 61. Kh4 Ke6
62. Rf5 Rc1 63. Kg5 Rc4 64. Rf6+ Ke7 65. c6 Rc5+ 66. Kg6 Rc1 67. g5 Ke8 68.
Re6+ Kf8 69. Rd6 Ke7 70. Rd7+ Ke6 71. Rc7 Kd6 72. Rc8 Rg1 73. Kf6 Rf1+ 74.
Kg7 Ke7 75. g6 Rg1 76. Kh7 Rh1+ 77. Kg8 Rg1 78. g7 Rg6 79. Kh7 Rg1 80. g8=Q
1-0

[Event "World Blitz Women 2023"]
[Site "Samarkand UZB"]
[Date "2023.12.30"]
[Round "11.12"]
[White "Zhu, Jiner"]
[Black "Lesbekova, Assel"]
[Result "1-0"]
[WhiteElo "2384"]
[BlackElo "1861"]
[EventDate "2023.12.29"]

1. e4 e5 2. Nf3 Nf6 3. Nxe5 Nxe4 4. Qe2 Qe7 5. Qxe4 d6 6. d4 dxe5 7. dxe5
Nc6 8. Bb5 Bd7 9. O-O O-O-O 10. Nc3 Nxe5 11. Be3 a6 12. Bxd7+ Nxd7 13. Qg4
Kb8 14. Rfe1 Qb4 15. Qf5 g6 16. Qxf7 Bd6 17. Qb3 Qh4 18. h3 Ne5 19. Qa4
Qxa4 20. Nxa4 Nc4 21. Bd4 Rhe8 22. b3 Na5 23. Bf6 Rc8 24. Nc3 Bb4 25. a3
Bxc3 26. Bxc3 Nc6 27. Rxe8 Rxe8 28. Kf1 Kc8 29. Rd1 Re6 30. Rd3 b5 31. f3
a5 32. Kf2 b4 33. axb4 axb4 34. Bd2 Re8 35. f4 Re4 36. Kf3 Rd4 37. Ke3
Rxd3+ 38. Kxd3 Kd7 39. Kc4 Ne7 40. Bxb4 Nf5 41. Bd2 Kc6 42. b4 Nh4 43. b5+
Kd7 44. g3 Nf5 45. g4 Nd6+ 46. Kb4 Ne4 47. Be1 Ke6 48. c4 Nd6 49. c5 Nb7
50. Kc4 Nd8 51. Bg3 Nb7 52. f5+ gxf5 53. gxf5+ Kxf5 54. Bxc7 Kg5 55. c6 1-0

[Event "World Blitz Women 2023"]
[Site "Samarkand UZB"]
[Date "2023.12.30"]
[Round "11.13"]
[White "Vaishali, Rameshbabu"]
[Black "Kamalidenova, Meruert"]
[Result "1/2-1/2"]
[WhiteElo "2410"]
[BlackElo "2314"]
[EventDate "2023.12.29"]

1. Nf3 Nf6 2. g3 g6 3. Bg2 Bg7 4. O-O O-O 5. d4 d6 6. Nc3 c5 7. dxc5 dxc5
8. Qxd8 Rxd8 9. Ne5 Nbd7 10. Rd1 h6 11. Bf4 g5 12. Nxd7 Nxd7 13. Bc7 Re8
14. Na4 a6 15. c3 e5 16. Nb6 Nxb6 17. Bxb6 c4 18. Bd5 Be6 19. e4 Bf8 20.
Bc7 Rac8 21. Bxe5 Bg4 22. f4 Bxd1 23. Rxd1 Bg7 24. Bxg7 Kxg7 25. Bxb7 Rb8
26. Rd7 gxf4 27. gxf4 Kf8 28. Bd5 Re7 29. Rd6 Rxb2 30. f5 Rb8 31. Kf2 a5
32. Kf3 Rc7 33. Rxh6 Kg7 34. Ra6 Rb2 35. h4 f6 36. h5 Rc2 37. Kg4 Rxc3 38.
h6+ Kxh6 39. Rxf6+ Kh7 40. e5 Re3 41. e6 c3 42. Kg5 Rg3+ 43. Kh5 Rh3+ 44.
Kg4 c2 45. Kxh3 c1=Q 46. Rg6 Rc3+ 47. Kg4 Qg1+ 48. Kf4 Qe3+ 49. Kg4 Qg3+
50. Kh5 Qh3+ 51. Kg5 Rg3+ 52. Kf6 Rxg6+ 53. fxg6+ Kh6 54. e7 Qh4+ 55. Kf7
Qf4+ 56. Kg8 Qe5 57. Kf8 Qg7+ 58. Ke8 Qxg6+ 59. Kd7 Qf5+ 60. Kd6 Qf6+ 61.
Kd7 Qf5+ 62. Kd6 Qf4+ 63. Kd7 Qg4+ 64. Kc7 Qg7 65. Kd8 Qf6 66. Kd7 Qf5+ 67.
Kd6 Qc8 68. Bc6 Qb8+ 69. Kd7 Qa7+ 70. Kd6 Qd4+ 71. Kc7 Qe5+ 72. Kd7 Qf5+
73. Kd8 Qf6 74. Kd7 Qg7 75. Kd8 Qg5 76. Kd7 Qf5+ 77. Kd6 Qf6+ 78. Kd7 Qd4+
79. Kc8 Qg4+ 80. Kd8 Qg5 81. Kd7 Qg7 82. Kd8 Qf6 83. Kd7 Qf7 84. Kd8 Qf6
85. Kd7 Qf7 86. Kd6 Qf6+ 87. Kd7 Qf7 1/2-1/2

[Event "World Blitz Women 2023"]
[Site "Samarkand UZB"]
[Date "2023.12.30"]
[Round "11.14"]
[White "Stefanova, Antoaneta"]
[Black "Ni, Shiqun"]
[Result "1-0"]
[WhiteElo "2398"]
[BlackElo "2270"]
[EventDate "2023.12.29"]

1. d4 d5 2. Nf3 Nf6 3. e3 Bf5 4. c4 e6 5. Nc3 c6 6. Nh4 Bg6 7. Qb3 Qc7 8.
Nxg6 hxg6 9. g3 Nbd7 10. cxd5 exd5 11. Bg2 a5 12. Bd2 Nb6 13. e4 dxe4 14.
Nxe4 Nbd5 15. Nxf6+ Nxf6 16. O-O Be7 17. Rfe1 O-O 18. Bf4 Qd7 19. h3 a4 20.
Qc2 Rfe8 21. Be5 Nd5 22. a3 f6 23. Bxd5+ Qxd5 24. Bf4 g5 25. Be3 Kf7 26. f4
Rh8 27. Qg2 gxf4 28. Qxd5+ cxd5 29. Bxf4 Rxh3 30. Rac1 Rah8 31. Kg2 g5 32.
Rc7 Rh2+ 33. Kf3 gxf4 34. Rexe7+ Kg6 35. Rg7+ Kh6 36. Kxf4 Rxb2 37. Rxb7
Rd2 38. Rgf7 Kg6 39. Rg7+ Kh6 40. Rgf7 Kg6 41. Rg7+ Kh6 42. Kf5 Rxd4 43. g4
1-0

[Event "World Blitz Women 2023"]
[Site "Samarkand UZB"]
[Date "2023.12.30"]
[Round "11.15"]
[White "Gaboyan, Susanna"]
[Black "Khademalsharieh, Sarasadat"]
[Result "1/2-1/2"]
[WhiteElo "2086"]
[BlackElo "2395"]
[EventDate "2023.12.29"]

1. Nf3 d5 2. g3 Nf6 3. Bg2 c5 4. O-O e6 5. d4 cxd4 6. Nxd4 e5 7. Nb3 Nc6 8.
Nc3 d4 9. Na4 Be7 10. Nac5 O-O 11. e3 Nd5 12. exd4 exd4 13. Nd3 Bf6 14. Nf4
Nxf4 15. Bxf4 Bf5 16. Qd2 Qb6 17. Rfe1 Rad8 18. Be4 Bxe4 19. Rxe4 Rd5 20.
Rae1 Qd8 21. Qe2 h5 22. h4 Nb4 23. Be5 Bxe5 24. Rxe5 Rxe5 25. Qxe5 Nxc2 26.
Rd1 g6 27. Nxd4 Re8 28. Qc5 Nxd4 29. Rxd4 Qf6 30. Qc3 Kg7 31. Rd3 Re2 32.
Qxf6+ Kxf6 33. Rb3 b6 34. Kg2 Ke5 35. Kf3 Rc2 36. Ke3 Kd5 37. Rd3+ Ke6 38.
Ra3 Rxb2 39. Rxa7 f6 40. a4 Rb3+ 41. Ke2 Kf5 42. a5 bxa5 43. Rxa5+ Ke6 44.
Kf1 Rb1+ 45. Kg2 Rb2 46. Rc5 Kd6 47. Ra5 Ke6 48. Rc5 Ra2 49. Rb5 Rc2
1/2-1/2

[Event "World Blitz Women 2023"]
[Site "Samarkand UZB"]
[Date "2023.12.30"]
[Round "11.16"]
[White "Priyanka, Nutakki"]
[Black "Munguntuul, Batkhuyag"]
[Result "1-0"]
[WhiteElo "2224"]
[BlackElo "2348"]
[EventDate "2023.12.29"]

1. d4 d5 2. Nf3 Nf6 3. Bf4 c5 4. e3 Nc6 5. Nbd2 cxd4 6. exd4 Bf5 7. c3 e6
8. Qb3 Qc8 9. Be2 Be7 10. O-O O-O 11. h3 h6 12. Ne5 Rd8 13. a4 Ne4 14. Ndf3
Na5 15. Qd1 f6 16. Nd3 Nc4 17. a5 Ng5 18. b3 Nd6 19. Nc5 b6 20. axb6 axb6
21. Na4 Qc6 22. Bd3 Nge4 23. Qc2 b5 24. Nc5 Nxc5 25. dxc5 Bxd3 26. Qxd3
Qxc5 27. Rxa8 Rxa8 28. Bxd6 Bxd6 29. Nd4 e5 30. Nxb5 Bf8 31. Rd1 Rd8 32. c4
d4 33. Nc3 Rb8 34. Nd5 Kf7 35. Ra1 Rb7 36. Ra8 Ra7 37. b4 e4 38. Qxe4 Re7
39. Nxe7 Qxe7 40. Qxe7+ Bxe7 41. c5 d3 42. Kf1 Ke6 43. Ke1 Kd5 44. Kd2 Kc4
45. c6 Bxb4+ 46. Kd1 Bd6 47. c7 Bxc7 48. Rc8 Kd4 49. Rxc7 g5 50. Kd2 Ke4
51. Rc4+ Kd5 52. Kxd3 f5 53. Ra4 Ke5 54. Ra5+ Kf6 55. Kd4 1-0

[Event "World Blitz Women 2023"]
[Site "Samarkand UZB"]
[Date "2023.12.30"]
[Round "11.17"]
[White "Salimova, Nurgyul"]
[Black "Aydin, Gulenay"]
[Result "1-0"]
[WhiteElo "2343"]
[BlackElo "2009"]
[EventDate "2023.12.29"]

1. d4 Nf6 2. Nf3 g6 3. Nbd2 Bg7 4. e4 d6 5. Bd3 O-O 6. O-O c5 7. c3 Nc6 8.
h3 a6 9. Re1 e5 10. dxc5 dxc5 11. Bf1 Be6 12. Ng5 Bd7 13. Nc4 b5 14. Ne3 h6
15. Nf3 Be6 16. Qc2 Qe7 17. a4 Rab8 18. axb5 axb5 19. Rd1 Rfc8 20. Nd5 Bxd5
21. exd5 Nd8 22. d6 Qe6 23. Be3 Nb7 24. d7 Nxd7 25. Bxb5 Nf6 26. Ra6 Qe7
27. Be2 Nd8 28. Nd2 Rc6 29. Raa1 Rcb6 30. Nc4 Rc6 31. Qd2 Rcc8 32. Bxh6 Ne4
33. Qe3 Bxh6 34. Qxh6 Qe6 35. Qe3 Nf6 36. Rd6 Qe7 37. Raa6 Nb7 38. Rxf6 Ra8
39. h4 Nd8 40. h5 Ne6 41. Rxa8 Rxa8 42. Qxe5 Ra1+ 43. Kh2 Qf8 44. g3 Qh6
45. Rxe6 fxe6 46. Qxe6+ Kf8 47. Qf6+ Kg8 48. Ne5 Qc1 49. Bc4+ Kh7 50. Qxg6+
1-0

[Event "World Blitz Women 2023"]
[Site "Samarkand UZB"]
[Date "2023.12.30"]
[Round "11.18"]
[White "Shuvalova, Polina"]
[Black "Gvetadze, Sofio"]
[Result "1-0"]
[WhiteElo "2342"]
[BlackElo "2170"]
[EventDate "2023.12.29"]

1. e4 c5 2. Nf3 g6 3. c3 Bg7 4. d4 cxd4 5. cxd4 d5 6. e5 a6 7. h3 Nc6 8.
Nc3 f6 9. Bf4 fxe5 10. Nxe5 Nf6 11. Be2 O-O 12. Qd2 Qb6 13. Be3 Qc7 14. Bf4
Qb6 15. Be3 Qc7 16. Nxc6 Qxc6 17. O-O Bf5 18. Rac1 Qd7 19. Bf4 Rac8 20. Be5
Ne4 21. Nxe4 Bxe4 22. Bg4 Bf5 23. Bxg7 Kxg7 24. Bxf5 Qxf5 25. Rxc8 Rxc8 26.
Re1 e6 27. Re5 Qf6 28. Qe3 Rc6 29. g3 Qf7 30. Kg2 Qf6 31. h4 h5 32. b3 Rc2
33. a4 Rc6 34. Qe2 Qf7 35. b4 Qf6 36. b5 axb5 37. axb5 Rd6 38. Qc2 Rd7 39.
Qc8 Rf7 40. f4 Re7 41. Qd8 Qf7 42. b6 Rd7 43. Qc8 Rd6 44. Qc7 Rc6 45. Qd8
Qf8 46. Qd7+ Qf7 47. Qd8 Qf8 48. Qd7+ Qf7 49. Qd8 Qf8 50. Qg5 Rxb6 51. f5
exf5 52. Re7+ Kg8 53. Rd7 Re6 54. Rxb7 Qf6 55. Qh6 Qf8 56. Qh7# 1-0

[Event "World Blitz Women 2023"]
[Site "Samarkand UZB"]
[Date "2023.12.30"]
[Round "11.19"]
[White "Kiolbasa, Oliwia"]
[Black "Lei, Tingjie"]
[Result "0-1"]
[WhiteElo "2313"]
[BlackElo "2530"]
[EventDate "2023.12.29"]

1. e4 c5 2. Nf3 a6 3. c4 Nc6 4. Nc3 e5 5. d3 d6 6. g3 Rb8 7. a4 Nge7 8. h3
g6 9. Bg2 Bg7 10. O-O O-O 11. Be3 h6 12. Nd2 f5 13. exf5 Nxf5 14. Nd5 Be6
15. Ne4 Nce7 16. Nxe7+ Qxe7 17. Kh2 Kh7 18. Nc3 Qd7 19. a5 b6 20. Qe2 bxa5
21. Rxa5 Rb6 22. Rfa1 Rfb8 23. R1a2 Qc8 24. Nd5 Bxd5 25. Bxd5 e4 26. Bxe4
Rxb2 27. Qg4 Bd4 28. Bxd4 Rxa2 29. Rxa2 cxd4 30. Re2 Qf8 31. Bd5 Re8 32.
Rb2 Re7 33. Qf4 Qf6 34. g4 Qh4 35. gxf5 Qxf4+ 0-1

[Event "World Blitz Women 2023"]
[Site "Samarkand UZB"]
[Date "2023.12.30"]
[Round "11.20"]
[White "Tan, Zhongyi"]
[Black "Cori T., Deysi"]
[Result "1-0"]
[WhiteElo "2519"]
[BlackElo "2304"]
[EventDate "2023.12.29"]

1. d4 g6 2. e4 d6 3. Nc3 Bg7 4. f4 a6 5. Nf3 b5 6. Bd3 Bb7 7. Qe2 c5 8.
dxc5 dxc5 9. e5 Nh6 10. Be3 Qc7 11. Be4 Bxe4 12. Nxe4 Nd7 13. O-O O-O 14.
h3 c4 15. Rad1 Rfd8 16. Nfg5 Nf5 17. e6 Nf8 18. exf7+ Kh8 19. Bf2 Rxd1 20.
Qxd1 Qxf4 21. Qd5 Rc8 22. Ne6 Qe5 23. Qxe5 Bxe5 24. N4c5 Bf6 25. Rd1 Nd6
26. Nxf8 Rxf8 27. Nd7 Rxf7 28. Nxf6 Rxf6 29. Bd4 Ne4 30. Re1 e5 31. Bxe5
1-0

[Event "World Blitz Women 2023"]
[Site "Samarkand UZB"]
[Date "2023.12.30"]
[Round "11.21"]
[White "Nomin-Erdene, Davaademberel"]
[Black "Matnadze Bujiashvili, Ann"]
[Result "1/2-1/2"]
[WhiteElo "2299"]
[BlackElo "2428"]
[EventDate "2023.12.29"]

1. e4 c6 2. d4 d5 3. Nc3 dxe4 4. Nxe4 Nf6 5. Nxf6+ gxf6 6. c3 Qc7 7. Bd3 h5
8. Ne2 e6 9. Qc2 Bd6 10. Be3 Nd7 11. O-O-O b6 12. c4 Bb7 13. Nc3 f5 14. Kb1
O-O-O 15. d5 a6 16. g3 c5 17. Rhe1 Rde8 18. Bg5 Ne5 19. Bf6 Nxd3 20. Qxd3
Rh6 21. dxe6 Rxf6 22. Qxd6 Qxd6 23. Rxd6 Rfxe6 24. Rexe6 Rxe6 25. Rxe6 fxe6
26. f4 Kd7 27. Kc2 Kd6 28. Kd3 Bc6 29. Ke3 b5 30. cxb5 axb5 31. Nd1 Kd5 32.
Kd3 Kd6 33. Nf2 Bd5 34. a3 Bf3 35. Ke3 Bg2 36. Nd3 Bc6 37. Ne5 Be8 38. Kd3
Kd5 39. h4 Kd6 40. Kc3 Kd5 41. Kd3 Kd6 42. Nf3 Kd5 43. Ne5 Kd6 44. b4 Kd5
45. bxc5 Kxc5 46. Kc3 Kd5 47. Kd3 Kc5 48. Nf3 Kd5 49. Nd4 Bd7 50. Nc2 Be8
51. Nb4+ Kc5 52. Kc3 Bd7 53. Kd3 Be8 54. Kc3 Bd7 55. Nd3+ Kd5 56. Ne5 Be8
57. Kd3 Kc5 58. Kc3 Kd5 59. Kd3 1/2-1/2

[Event "World Blitz Women 2023"]
[Site "Samarkand UZB"]
[Date "2023.12.30"]
[Round "11.22"]
[White "Krush, Irina"]
[Black "Pourkashiyan, Atousa"]
[Result "0-1"]
[WhiteElo "2359"]
[BlackElo "2221"]
[EventDate "2023.12.29"]

1. d4 Nf6 2. c4 e6 3. Nc3 Bb4 4. e3 O-O 5. Bd2 c5 6. a3 Bxc3 7. Bxc3 Ne4 8.
Ne2 b6 9. d5 Ba6 10. b3 b5 11. Qc2 Nxc3 12. Nxc3 bxc4 13. Bxc4 Bxc4 14.
bxc4 exd5 15. Nxd5 Qa5+ 16. Qd2 Nc6 17. Ne7+ Kh8 18. Nxc6 Qxd2+ 19. Kxd2
dxc6 20. Rab1 Rab8 21. Kc2 Rb6 22. Rhd1 Rfb8 23. Rxb6 axb6 24. Rd7 Kg8 25.
Rc7 Kf8 26. Rxc6 Ke7 27. Rc7+ Ke6 28. Ra7 h5 29. h4 g6 30. g3 f6 31. Rg7
Kf5 32. f3 Ra8 33. Kb2 Rd8 34. Kc2 Ra8 35. e4+ Ke5 36. Kb2 Rd8 37. Rxg6
Rd2+ 38. Kb3 Rd3+ 39. Ka4 Rxf3 40. Rh6 Kxe4 41. Rxh5 Rxg3 42. Rh8 f5 43.
Kb5 Rb3+ 44. Kc6 f4 45. Re8+ Kd3 46. Rf8 Ke3 47. a4 f3 48. h5 Rb1 49. h6
Rh1 50. Rf6 f2 51. Re6+ Kd4 52. Rf6 Rxh6 0-1

[Event "World Blitz Women 2023"]
[Site "Samarkand UZB"]
[Date "2023.12.30"]
[Round "11.23"]
[White "Khamdamova, Afruza"]
[Black "Khotenashvili, Bella"]
[Result "1/2-1/2"]
[WhiteElo "2295"]
[BlackElo "2358"]
[EventDate "2023.12.29"]

1. e4 c6 2. d4 g6 3. Nc3 Bg7 4. Nf3 d5 5. e5 Nh6 6. h3 f6 7. Bd3 O-O 8. O-O
Nf7 9. Re1 Na6 10. Bf4 Nc7 11. Qd2 Ne6 12. Bg3 Bh6 13. Qe2 Nf4 14. Bxf4
Bxf4 15. Rad1 Bh6 16. Nb1 b5 17. b3 e6 18. c4 bxc4 19. bxc4 fxe5 20. Nxe5
Nxe5 21. Qxe5 Bg7 22. Qe3 Qf6 23. Bf1 Rb8 24. Nc3 Rb2 25. Re2 Rb4 26. Rc2
Ba6 27. cxd5 Bxf1 28. Kxf1 cxd5 29. Ne2 Bh6 30. Qg3 Bg5 31. f3 Bh4 32. Qd6
Rfb8 33. Rc7 R4b7 34. Rdc1 Rxc7 35. Qxc7 Rf8 36. Qxa7 Rf7 37. Qb8+ Kg7 38.
Qe5 Ra7 39. Rc2 Kf7 40. Nf4 Bg5 41. Nd3 Qe7 42. f4 Bf6 43. Qe3 Kg7 44. Ne5
Qb4 45. Ke2 Ra3 46. Qd2 Qb5+ 47. Ke1 Be7 48. Rc7 Qb1+ 49. Kf2 Rxa2 50.
Rxe7+ Kf8 51. Rf7+ Ke8 52. Qxa2 Qxa2+ 53. Kg3 Qa3+ 54. Kh2 Qe3 55. Rxh7
Qxf4+ 56. Kh1 Qc1+ 57. Kh2 Qf4+ 58. Kh1 g5 59. Re7+ Kd8 60. Nc6+ Kc8 61.
Na7+ Kb8 62. Nc6+ Kc8 63. Na7+ Kd8 64. Nc6+ Kc8 65. Na7+ Kd8 66. Nc6+
1/2-1/2

[Event "World Blitz Women 2023"]
[Site "Samarkand UZB"]
[Date "2023.12.30"]
[Round "11.24"]
[White "Tsolakidou, Stavroula"]
[Black "Peycheva, Gergana"]
[Result "1-0"]
[WhiteElo "2345"]
[BlackElo "2216"]
[EventDate "2023.12.29"]

1. d4 d5 2. c4 e6 3. Nf3 Nf6 4. g3 Be7 5. Bg2 O-O 6. O-O c6 7. Nc3 Nbd7 8.
Qd3 b6 9. e4 dxe4 10. Nxe4 Bb7 11. Rd1 Nxe4 12. Qxe4 Nf6 13. Qe2 Qc8 14.
Ne5 Re8 15. Bf4 c5 16. dxc5 Bxg2 17. Kxg2 Qxc5 18. Qe3 Rac8 19. b3 Qb4 20.
Rd2 Bc5 21. Qf3 Qa3 22. Rad1 Bf8 23. Bg5 Be7 24. Nc6 h6 25. Nxe7+ Qxe7 26.
Bxf6 Qxf6 27. Qxf6 gxf6 28. Rd7 a6 29. Rb7 Rc6 30. Rdd7 Rf8 31. Kf3 Kg7 32.
Ke3 Kg6 33. Kd4 a5 34. Kc3 h5 35. h4 e5 36. Rbc7 Re6 37. a3 f5 38. b4 axb4+
39. axb4 Rf6 40. b5 f4 41. Rc6 fxg3 42. fxg3 Rxc6 43. bxc6 Rc8 44. c7 f5
45. Kb4 f4 46. gxf4 exf4 47. Kb5 f3 48. Kxb6 f2 49. Rd1 Kf5 50. Kb7 Rf8 51.
c8=Q+ Rxc8 52. Kxc8 1-0

[Event "World Blitz Women 2023"]
[Site "Samarkand UZB"]
[Date "2023.12.30"]
[Round "11.25"]
[White "Ushenina, Anna"]
[Black "Nurmanova, Alua"]
[Result "1-0"]
[WhiteElo "2334"]
[BlackElo "2249"]
[EventDate "2023.12.29"]

1. d4 Nf6 2. Nf3 g6 3. Nbd2 d5 4. e3 Bg7 5. b4 a5 6. b5 Nbd7 7. c4 dxc4 8.
Nxc4 O-O 9. Be2 Nd5 10. Qb3 a4 11. Qa3 N7b6 12. O-O Nxc4 13. Bxc4 Nb6 14.
Be2 Bf5 15. Bb2 Re8 16. Rac1 Nd5 17. Qc5 a3 18. Ba1 b6 19. Qc4 Be6 20. Ng5
Bc8 21. e4 e6 22. Nxf7 Kxf7 23. exd5 Re7 24. Bf3 Ra5 25. dxe6+ Bxe6 26. d5
Bf5 27. d6+ Re6 28. dxc7 Qc8 29. Bb7 1-0

[Event "World Blitz Women 2023"]
[Site "Samarkand UZB"]
[Date "2023.12.30"]
[Round "11.1"]
[White "Rakshitta, Ravi"]
[Black "Buksa, Nataliya"]
[Result "1-0"]
[WhiteElo "2225"]
[BlackElo "2316"]
[EventDate "2023.12.29"]

1. e4 c5 2. Nc3 Nc6 3. Bb5 Nd4 4. Bc4 e6 5. Nf3 a6 6. d3 b5 7. Bb3 Nxb3 8.
axb3 Bb7 9. O-O d6 10. Re1 Nf6 11. d4 cxd4 12. Qxd4 Be7 13. h3 Qc7 14. Bg5
h6 15. Be3 O-O 16. Rad1 Rac8 17. Re2 e5 18. Qd3 b4 19. Na4 Bxe4 20. Qxa6 d5
21. Bb6 Qd6 22. Ne1 d4 23. Qb5 Rfe8 24. f3 Bd5 25. Bc5 Rxc5 26. Nxc5 Qxc5
27. Qxc5 Bxc5 28. Nd3 Bd6 29. Ra1 e4 30. fxe4 Bxe4 31. Ra6 Bg3 32. Nxb4 Rc8
1-0

[Event "World Blitz Women 2023"]
[Site "Samarkand UZB"]
[Date "2023.12.30"]
[Round "11.2"]
[White "Arabidze, Meri"]
[Black "Hejazipour, Mitra"]
[Result "0-1"]
[WhiteElo "2416"]
[BlackElo "2228"]
[EventDate "2023.12.29"]

1. Nf3 Nf6 2. c4 e6 3. g3 b6 4. Bg2 Bb7 5. O-O Be7 6. Nc3 O-O 7. Re1 d5 8.
cxd5 exd5 9. d4 Re8 10. Bf4 a6 11. Rc1 Nbd7 12. Ne5 c5 13. dxc5 Nxc5 14. a3
Nce4 15. Nxe4 Nxe4 16. Nd3 Rc8 17. Be5 Bf6 18. Rxc8 Bxc8 19. Bxf6 Qxf6 20.
Qb3 Bb7 21. Rc1 h6 22. Rc7 Ba8 23. Qc2 Qe6 24. Nf4 Qe5 25. Rc8 Bb7 26.
Rxe8+ Qxe8 27. Qc7 Qc6 28. Qxc6 Bxc6 29. e3 Kf8 30. Bf1 a5 31. Bd3 Ke7 32.
Kf1 g5 33. Ne2 Nd2+ 34. Ke1 Nf3+ 35. Kd1 Nxh2 36. Nd4 Bd7 37. f3 h5 38. Ke2
g4 39. f4 h4 40. gxh4 g3 41. Nf5+ Bxf5 42. Bxf5 g2 43. Kf2 Nf3 44. Kxg2
Nxh4+ 45. Kf2 Nxf5 46. Kf3 Nd6 0-1

[Event "World Blitz Women 2023"]
[Site "Samarkand UZB"]
[Date "2023.12.30"]
[Round "11.3"]
[White "Padmini, Rout"]
[Black "Berend, Elvira"]
[Result "1-0"]
[WhiteElo "2302"]
[BlackElo "2202"]
[EventDate "2023.12.29"]

1. e4 e5 2. Nf3 Nc6 3. d4 exd4 4. Bc4 Nf6 5. O-O Nxe4 6. Re1 d5 7. Bxd5
Qxd5 8. Nc3 Qa5 9. Nxe4 Be6 10. Bd2 Qb5 11. a4 Qh5 12. Bg5 Be7 13. Bxe7
Nxe7 14. Nxd4 Qxd1 15. Raxd1 O-O-O 16. Nxe6 fxe6 17. Ng5 Rxd1 18. Rxd1 e5
19. Nf7 Re8 20. Nxe5 Nf5 21. Nf3 Re4 22. b3 Re7 23. Kf1 h6 24. h4 Nd6 25.
Nd4 a6 26. f3 Rd7 27. Ne2 Rf7 28. h5 b6 29. Kf2 Ne4+ 30. Ke3 Nf6 31. g4
Re7+ 32. Kf2 Rf7 33. Kg3 Re7 34. Nf4 Nd7 35. Rd2 Re1 36. Re2 Rg1+ 37. Kf2
Rc1 38. Ne6 Nf6 39. Nxg7 Kd7 40. Nf5 Nd5 41. Nxh6 Nc3 42. Rd2+ Ke6 43. Nf5
Nd1+ 44. Kg3 Nc3 45. h6 Rh1 46. Rh2 Rxh2 47. Kxh2 Kf7 48. h7 1-0

[Event "World Blitz Women 2023"]
[Site "Samarkand UZB"]
[Date "2023.12.30"]
[Round "11.4"]
[White "Beydullayeva, Govhar"]
[Black "Injac, Teodora"]
[Result "1/2-1/2"]
[WhiteElo "2132"]
[BlackElo "2287"]
[EventDate "2023.12.29"]

1. Nf3 Nf6 2. g3 b6 3. Bg2 Bb7 4. O-O g6 5. d4 Bg7 6. c4 O-O 7. Nc3 Ne4 8.
Bd2 Nxd2 9. Qxd2 e6 10. h4 d6 11. h5 Nd7 12. hxg6 hxg6 13. Rad1 Qe7 14. Qf4
Qf6 15. Qg4 Qf5 16. Qh4 Bf6 17. Qh6 Bg7 18. Qh4 Bf6 19. Qh6 Rab8 20. Rfe1
Bg7 21. Qh4 Bf6 22. Qh6 Bg7 23. Qh4 Bf6 24. Qh6 Bg7 25. Qd2 a6 26. e4 Qh5
27. d5 exd5 28. cxd5 Rbe8 29. Nd4 Ne5 30. f4 Ng4 31. Nf3 b5 32. Kf1 b4 33.
Ne2 a5 34. Qd3 Ra8 35. Qd2 Ba6 36. Kg1 Rfe8 37. Ned4 Bb7 38. Nh4 Bf6 39.
Nhf3 Kg7 40. Qe2 Ba6 41. Qd2 Rh8 42. e5 Be7 43. e6 Nh2 44. exf7 Nxf3+ 45.
Nxf3 Kxf7 46. Qe3 Rae8 47. Qe6+ Kg7 48. Qd7 Kf7 49. Ng5+ Kf8 50. Ne6+ Kf7
51. Ng5+ Kf8 52. Ne6+ Kf7 53. Ng5+ 1/2-1/2